[Event "Paul Keres mem (26th)"]
[Site "Vancouver CAN"]
[Date "2001.05.18"]
[Round "1.25"]
[White "Dekker, Case"]
[Black "Angelvette, Duane"]
[Result "1-0"]
[WhiteElo "1534"]
[BlackElo "1656"]
[PlyCount "45"]
[GameId "2160767911564675"]
[EventDate "2001.05.18"]
[EventType "swiss"]
[EventRounds "7"]
[EventCountry "CAN"]

1. d4 Nf6 2. c4 e5 3. dxe5 Ng4 4. Bf4 Nc6 5. Nf3 Bb4+ 6. Nc3 Qe7 7. a3 Bxc3+ 8. bxc3 Ngxe5 9. e3 d6 10. Be2 O-O 11. h3 Ng6 12. Bg3 f5 13. O-O Be6 14. Re1 Nce5 15. Qa4 Bd7 16. Qb3 Kh8 17. Nd4 f4 18. exf4 Nxf4 19. Bf3 Qg5 20. Qxb7 Nxh3+ 21. gxh3 c5 22. Rxe5 cxd4 23. Rxg5 1-0

[Event "Paul Keres mem (26th)"]
[Site "Vancouver CAN"]
[Date "2001.05.19"]
[Round "2.1"]
[White "Orlov, Georgi"]
[Black "Wu, Howard"]
[Result "1-0"]
[WhiteElo "2592"]
[BlackElo "2217"]
[PlyCount "43"]
[GameId "2160767911564678"]
[EventDate "2001.05.18"]
[EventType "swiss"]
[EventRounds "7"]
[EventCountry "CAN"]

1. d4 Nf6 2. c4 c5 3. Nf3 g6 4. Nc3 cxd4 5. Nxd4 Nc6 6. g3 Bg7 7. Bg2 O-O 8. O-O Nxd4 9. Qxd4 d6 10. Bg5 Be6 11. Qd3 Rc8 12. b3 Qa5 13. Bd2 Qc7 14. Rac1 Rfd8 15. h3 Qd7 16. Kh2 Rc5 17. g4 Qc7 18. f4 d5 19. Nxd5 Bxd5 20. cxd5 Nxd5 21. Rxc5 Qxc5 22. e4 1-0

[Event "Paul Keres mem (26th)"]
[Site "Vancouver CAN"]
[Date "2001.05.19"]
[Round "2.3"]
[White "Gentes, Kevin"]
[Black "Haukenfrers, Dale"]
[Result "1-0"]
[WhiteElo "2365"]
[BlackElo "2201"]
[PlyCount "123"]
[GameId "2160767911564679"]
[EventDate "2001.05.18"]
[EventType "swiss"]
[EventRounds "7"]
[EventCountry "CAN"]

1. d4 d6 2. Nf3 Bg4 3. c4 c6 4. Nc3 Qb6 5. e3 e6 6. Bd2 e5 7. dxe5 dxe5 8. h3 Bxf3 9. Qxf3 a5 10. O-O-O a4 11. Qf5 Qc7 12. Ne4 Nh6 13. Qh5 Nd7 14. Bc3 O-O-O 15. Be2 f5 16. Ng5 g6 17. Qh4 Re8 18. Rd2 Nc5 19. f4 Bg7 20. Bxe5 Bxe5 21. fxe5 Nf7 22. Nxf7 Qxf7 23. Rhd1 Qe6 24. Qf4 g5 25. Qd4 Qxe5 26. Bh5 Re7 27. Rf1 Ne4 28. Rxf5 Qxd4 29. Rxd4 h6 30. Rf7 Rxf7 31. Bxf7 Nc5 32. Bh5 Kc7 33. Kd1 Rf8 34. Ke2 Kb6 35. Bf3 Ka5 36. a3 Ra8 37. Rd6 Ra6 38. Kd1 Rb6 39. Kc2 Rb3 40. Rxh6 Nd3 41. Rh5 Nxb2 42. Rxg5+ Kb6 43. c5+ Ka5 44. Be2 Rxe3 45. Bf1 Rxa3 46. Kxb2 Rb3+ 47. Ka2 Kb4 48. Rg4+ Kxc5 49. Rxa4 Re3 50. Kb2 b5 51. Rf4 Kb6 52. h4 c5 53. h5 c4 54. h6 Kc5 55. h7 Re8 56. Rh4 Rh8 57. g3 Kb4 58. g4 c3+ 59. Kc2 Ka3 60. Bxb5 Ka2 61. g5 Ka3 62. Ra4# 1-0

[Event "Paul Keres mem (26th)"]
[Site "Vancouver CAN"]
[Date "2001.05.19"]
[Round "2.4"]
[White "Kostadinov, George"]
[Black "Milicevic, Dragoljub"]
[Result "1-0"]
[WhiteElo "2126"]
[BlackElo "2353"]
[PlyCount "98"]
[GameId "2160767911564680"]
[EventDate "2001.05.18"]
[EventType "swiss"]
[EventRounds "7"]
[EventCountry "CAN"]

1. d4 f5 2. c4 g6 3. Nc3 Nf6 4. g3 Bg7 5. Bg2 O-O 6. Nf3 d6 7. O-O c6 8. Qc2 Na6 9. Rd1 Bd7 10. Rb1 Rc8 11. b4 b5 12. cxb5 cxb5 13. Qb3+ e6 14. Bf4 Qb6 15. a4 bxa4 16. Nxa4 Bxa4 17. Qxa4 Ne4 18. Qd7 Rce8 19. Rdc1 Nb8 20. Qc7 Rf7 21. Qxb6 axb6 22. b5 Bf6 23. h4 Kg7 24. Be3 h6 25. Rc2 Nd7 26. Rc7 g5 27. Ra1 g4 28. Ne1 e5 29. Nc2 Ree7 30. Raa7 f4 31. Bxe4 fxe3 32. Nxe3 exd4 33. Nf5+ Kf8 34. Ra8+ Re8 35. Rxe8+ Kxe8 36. Rc8+ Bd8 37. Nxd6+ Ke7 38. Nxf7 Nf6 39. Rxd8 Nxe4 40. Rxd4 Nc3 41. Rxg4 Kxf7 42. Rc4 Nxb5 43. Rb4 Nc3 44. Kf1 Nd5 45. Rb5 Ke6 46. e4 Nc3 47. Rxb6+ Ke5 48. Rxh6 Kxe4 49. Rf6 Nd5 1-0

[Event "Paul Keres mem (26th)"]
[Site "Vancouver CAN"]
[Date "2001.05.19"]
[Round "2.5"]
[White "Gardner, Robert"]
[Black "Morgan, Ben"]
[Result "0-1"]
[WhiteElo "2333"]
[BlackElo "2439"]
[PlyCount "120"]
[GameId "2160767911564681"]
[EventDate "2001.05.18"]
[EventType "swiss"]
[EventRounds "7"]
[EventCountry "CAN"]

1. e4 c5 2. Nf3 Nc6 3. d4 cxd4 4. Nxd4 g6 5. c4 Bg7 6. Be3 Nf6 7. Nc3 O-O 8. Be2 d6 9. O-O Bd7 10. Rc1 Nxd4 11. Bxd4 Bc6 12. Qd3 a5 13. h4 Nd7 14. Bxg7 Kxg7 15. h5 Nc5 16. Qe3 e5 17. f4 exf4 18. Rxf4 Qe7 19. Rcf1 Rae8 20. Bd3 Qe5 21. h6+ Kg8 22. Bb1 Qg5 23. Qf2 Re7 24. Rh4 Nd7 25. Nd5 Bxd5 26. exd5 Qe3 27. Qxe3 Rxe3 28. Re4 Rxe4 29. Bxe4 Re8 30. Bf3 Nc5 31. b3 f5 32. g4 f4 33. Rb1 Re3 34. Kg2 g5 35. b4 axb4 36. Rxb4 Kf7 37. Rb2 Kf6 38. Bd1 Rg3+ 39. Kf1 Rh3 40. Kg2 Rg3+ 41. Kh2 Rd3 42. Be2 Re3 43. Bd1 Re7 44. Kg2 Kg6 45. Bc2+ Kxh6 46. Bf5 Re8 47. Rb6 Rd8 48. Rb1 Kg7 49. Re1 Rf8 50. Re7+ Rf7 51. Re8 Kf6 52. Rh8 Ke5 53. Bxh7 f3+ 54. Kf2 Kf4 55. Bf5 Re7 56. Be6 Ne4+ 57. Kg1 Kg3 58. Rf8 Rh7 59. Bg8 Rh6 60. c5 Nf2 0-1

[Event "Paul Keres mem (26th)"]
[Site "Vancouver CAN"]
[Date "2001.05.19"]
[Round "2.6"]
[White "North, Robert"]
[Black "Herder, David"]
[Result "1-0"]
[WhiteElo "2117"]
[BlackElo "2300"]
[PlyCount "86"]
[GameId "2160767911564682"]
[EventDate "2001.05.18"]
[EventType "swiss"]
[EventRounds "7"]
[EventCountry "CAN"]

1. c4 c6 2. g3 d5 3. cxd5 cxd5 4. Nf3 Nf6 5. Bg2 g6 6. b3 Bg7 7. Bb2 Nc6 8. O-O O-O 9. d3 Bg4 10. Nbd2 Qd7 11. Re1 Rfd8 12. Rc1 Rac8 13. a3 Ne8 14. Bxg7 Nxg7 15. b4 a6 16. Nb3 Bxf3 17. Bxf3 e5 18. Nc5 Qe7 19. e3 a5 20. Qb3 axb4 21. axb4 b6 22. Na6 e4 23. dxe4 dxe4 24. Be2 Ne5 25. Rxc8 Rxc8 26. Rd1 Ne6 27. h4 g5 28. Qd5 Nf3+ 29. Bxf3 exf3 30. Qxf3 gxh4 31. Qg4+ Kh8 32. Qxh4 Qb7 33. Qf6+ Kg8 34. b5 Qe4 35. Qh4 Qf3 36. Rf1 Rc2 37. Nb4 Rc5 38. Qh1 Qg4 39. Qa8+ Kg7 40. Nd3 Rxb5 41. Nf4 Nxf4 42. exf4 Qe2 43. Qd8 Qe4 1-0

[Event "Paul Keres mem (26th)"]
[Site "Vancouver CAN"]
[Date "2001.05.19"]
[Round "2.7"]
[White "Adam, Valerian"]
[Black "Boehmer, Kris"]
[Result "0-1"]
[WhiteElo "2298"]
[BlackElo "2125"]
[PlyCount "150"]
[GameId "2160767911564683"]
[EventDate "2001.05.18"]
[EventType "swiss"]
[EventRounds "7"]
[EventCountry "CAN"]

1. e4 c5 2. c4 Nc6 3. Ne2 g6 4. d4 cxd4 5. Nxd4 Bg7 6. Be3 Nf6 7. Nc3 Ng4 8. Qxg4 Nxd4 9. Qd1 Ne6 10. Qd2 d6 11. Be2 Bd7 12. O-O a5 13. b3 Bc6 14. Rac1 Nc5 15. f3 O-O 16. Rfd1 Qb6 17. Nd5 Bxd5 18. cxd5 Rfc8 19. Rc2 Qb4 20. Rdc1 Qxd2 21. Rxd2 Rf8 22. Kf1 h5 23. Rcc2 Rfc8 24. Rd1 Kh7 25. Bg5 f6 26. Be3 Bh6 27. Bf2 Nd7 28. Rxc8 Rxc8 29. Bd3 Ne5 30. Bb1 Nd7 31. g3 Bc1 32. Ke2 Ba3 33. f4 Kg7 34. Bd4 Kf7 35. Kf3 g5 36. h3 gxf4 37. gxf4 Rg8 38. Rg1 Rxg1 39. Bxg1 Nc5 40. Kg3 Bc1 41. e5 a4 42. Bc2 axb3 43. axb3 Na6 44. e6+ Kg7 45. Bb6 Nb4 46. Be4 f5 47. Bf3 Kf6 48. Ba5 Nd3 49. Bxh5 Bxf4+ 50. Kg2 Be5 51. Bf3 Nf4+ 52. Kf2 Nxh3+ 53. Ke3 f4+ 54. Kd3 Kf5 55. Kc4 Ng5 56. Be2 f3 57. Bd3+ Kf6 58. Kb5 Bd4 59. Bb6 Ke5 60. Bc4 f2 61. Bxd4+ Kxd4 62. Kb6 Ne4 63. Kxb7 Nc5+ 64. Kc7 Nxb3 65. Bf1 Kxd5 66. Kd7 Nc5+ 67. Kxe7 Nxe6 68. Kf6 Nd4 69. Bg2+ Kc4 70. Kg5 Kd3 71. Kf4 Ke2 72. Ke4 Nc2 73. Bh3 Ne3 74. Kd4 Kf3 75. Kd3 Ng2 0-1

[Event "Paul Keres mem (26th)"]
[Site "Vancouver CAN"]
[Date "2001.05.19"]
[Round "2.8"]
[White "Jiganchine, Roman"]
[Black "Zemitis, Valdemars"]
[Result "1-0"]
[WhiteElo "2237"]
[BlackElo "1841"]
[PlyCount "97"]
[GameId "2160767911564684"]
[EventDate "2001.05.18"]
[EventType "swiss"]
[EventRounds "7"]
[EventCountry "CAN"]

1. e4 e5 2. Nf3 f5 3. d4 fxe4 4. Nxe5 Nf6 5. Be2 g6 6. Bg5 d6 7. Ng4 Be7 8. Nh6 Ng8 9. Bxe7 Qxe7 10. Nxg8 Rxg8 11. Nc3 c6 12. d5 c5 13. O-O Nd7 14. Bb5 a6 15. Bxd7+ Kxd7 16. Re1 Kc7 17. Nxe4 Qg7 18. Qd2 Bf5 19. c3 Bxe4 20. Rxe4 Rae8 21. Rae1 Qf7 22. Qe3 Rxe4 23. Qxe4 Rg7 24. g3 g5 25. b4 b6 26. bxc5 bxc5 27. Qa4 Qxd5 28. Qxa6 Qb7 29. Qa5+ Qb6 30. Qa4 Qc6 31. Qg4 Qd7 32. Qe4 d5 33. Qe5+ Kc6 34. Qf6+ Kc7 35. Rb1 Rg6 36. Qf8 Kc6 37. Qa8+ Kd6 38. Qb8+ Ke6 39. Rb6+ Kf5 40. Qf8+ Ke4 41. Rb1 Qd6 42. Re1+ Kd3 43. Qf3+ Kc4 44. Qe2+ Kxc3 45. Rc1+ Kb4 46. Rb1+ Kc3 47. Rb3+ Kd4 48. Qe3+ Kc4 49. Qd3# 1-0

[Event "Paul Keres mem (26th)"]
[Site "Vancouver CAN"]
[Date "2001.05.19"]
[Round "2.9"]
[White "Pitre, Hanniegn"]
[Black "Ferguson, Jim"]
[Result "0-1"]
[WhiteElo "2007"]
[BlackElo "2221"]
[PlyCount "72"]
[GameId "2160767911564685"]
[EventDate "2001.05.18"]
[EventType "swiss"]
[EventRounds "7"]
[EventCountry "CAN"]

1. e4 c5 2. Nf3 d6 3. b4 cxb4 4. d4 d5 5. exd5 Qxd5 6. Nbd2 Nf6 7. Bc4 Qh5 8. O-O e6 9. Re1 Bd6 10. Ne4 Nxe4 11. Rxe4 Bxh2+ 12. Kf1 Bd6 13. Rh4 Qa5 14. Qe2 Be7 15. Rh1 Nd7 16. Bd2 Nb6 17. Bd3 Bd7 18. Ne5 Bf6 19. Rh5 Nd5 20. Nc4 Qc7 21. Rxd5 Bc6 22. Re5 O-O-O 23. Na5 Rxd4 24. Nxc6 bxc6 25. Rc5 Qh2 26. Qf3 Rd5 27. Rxc6+ Kd7 28. Rxe6 fxe6 29. Re1 Re8 30. Re4 a5 31. Ke2 Qh5 32. g4 Qf7 33. Be3 Qe7 34. Rc4 Rc8 35. Rxc8 Kxc8 36. Ba6+ Kd7 0-1

[Event "Paul Keres mem (26th)"]
[Site "Vancouver CAN"]
[Date "2001.05.19"]
[Round "2.10"]
[White "Valvo, Michael"]
[Black "Dekker, Case"]
[Result "1-0"]
[WhiteElo "2397"]
[BlackElo "1534"]
[PlyCount "59"]
[GameId "2160767911564686"]
[EventDate "2001.05.18"]
[EventType "swiss"]
[EventRounds "7"]
[EventCountry "CAN"]

1. c4 Nf6 2. g3 e6 3. b3 c6 4. Bg2 Be7 5. Nf3 O-O 6. O-O d5 7. d4 Nbd7 8. Nc3 Ne4 9. Nxe4 dxe4 10. Nd2 Nf6 11. Nxe4 Re8 12. Bb2 Nxe4 13. Bxe4 Bf6 14. Qc2 h6 15. Rad1 Qe7 16. Bg2 e5 17. d5 cxd5 18. cxd5 Qd6 19. e4 Bd7 20. f4 Rac8 21. Qf2 Qc5 22. Qxc5 Rxc5 23. Rc1 b6 24. Rxc5 bxc5 25. Rc1 exf4 26. Bxf6 gxf6 27. Rxc5 fxg3 28. hxg3 f5 29. Rc7 Bc8 30. Bh3 1-0

[Event "Paul Keres mem (26th)"]
[Site "Vancouver CAN"]
[Date "2001.05.19"]
[Round "2.11"]
[White "Bouvier, Jesse"]
[Black "Huber, Gregory"]
[Result "0-1"]
[WhiteElo "2020"]
[BlackElo "2333"]
[PlyCount "82"]
[GameId "2160767911564687"]
[EventDate "2001.05.18"]
[EventType "swiss"]
[EventRounds "7"]
[EventCountry "CAN"]

1. e4 c5 2. Nf3 d6 3. d4 cxd4 4. Nxd4 Nf6 5. Nc3 a6 6. f4 e6 7. Bd3 b5 8. a3 Qc7 9. O-O Be7 10. Nf3 Nbd7 11. Qe1 Bb7 12. Qg3 O-O 13. e5 dxe5 14. fxe5 Bxf3 15. exf6 Bc5+ 16. Kh1 Qxg3 17. hxg3 Bh5 18. fxg7 Kxg7 19. Ne4 Bg6 20. Bf4 Be7 21. g4 e5 22. Bd2 f6 23. Ng3 Bxd3 24. cxd3 Bc5 25. Bc3 Kg6 26. Rf5 Rad8 27. Raf1 h6 28. Ne4 Be7 29. R1f3 Nc5 30. Nf2 Ne6 31. g3 Ng5 32. Kg2 Nxf3 33. Kxf3 Bc5 34. Ke4 Rh8 35. Nd1 h5 36. g5 fxg5 37. Bxe5 Rhf8 38. Rxf8 Bxf8 39. d4 Bg7 40. Ne3 Bxe5 41. dxe5 h4 0-1

[Event "Paul Keres mem (26th)"]
[Site "Vancouver CAN"]
[Date "2001.05.19"]
[Round "2.12"]
[White "Sladek, Vaclav"]
[Black "Harmon, Clark"]
[Result "0-1"]
[WhiteElo "2000"]
[BlackElo "2296"]
[PlyCount "56"]
[GameId "2160767911564688"]
[EventDate "2001.05.18"]
[EventType "swiss"]
[EventRounds "7"]
[EventCountry "CAN"]

1. d4 f5 2. Bg5 h6 3. Bh4 g5 4. Bg3 Nf6 5. e3 Bg7 6. c4 d6 7. Nc3 e6 8. Bd3 Nc6 9. h4 Rg8 10. Qc2 Nh5 11. Nge2 Nxg3 12. Nxg3 gxh4 13. Nh5 Bh8 14. O-O-O Bd7 15. Qe2 Qg5 16. Kb1 O-O-O 17. d5 Nb4 18. dxe6 Bxe6 19. Nf4 Bf7 20. a3 Nxd3 21. Qxd3 Be5 22. Nce2 c6 23. Rh3 d5 24. c5 d4 25. Rc1 dxe3 26. Qxe3 Rge8 27. Qf3 Rd2 28. Nd3 Bh5 0-1

[Event "Paul Keres mem (26th)"]
[Site "Vancouver CAN"]
[Date "2001.05.19"]
[Round "2.14"]
[White "Fairbairn, Stephen"]
[Black "Kaptsan, Aron"]
[Result "1/2-1/2"]
[WhiteElo "2015"]
[BlackElo "2147"]
[PlyCount "40"]
[GameId "2160767911564690"]
[EventDate "2001.05.18"]
[EventType "swiss"]
[EventRounds "7"]
[EventCountry "CAN"]

1. e4 e5 2. Nf3 Nc6 3. d4 exd4 4. Nxd4 Nf6 5. Nc3 Bb4 6. Nxc6 bxc6 7. Bd3 h6 8. O-O d6 9. Bf4 O-O 10. Ne2 Re8 11. Ng3 Bc5 12. Qd2 Ng4 13. h3 Ne5 14. Be2 Rb8 15. c3 Qh4 16. b4 Bb6 17. Be3 Re6 18. Bxb6 axb6 19. Qe3 Rg6 20. a4 Ra8 1/2-1/2

[Event "Paul Keres mem (26th)"]
[Site "Vancouver CAN"]
[Date "2001.05.19"]
[Round "2.15"]
[White "Ivankovic, Goran"]
[Black "Stanford, Mike"]
[Result "0-1"]
[WhiteElo "2007"]
[BlackElo "2019"]
[PlyCount "58"]
[GameId "2160767911564691"]
[EventDate "2001.05.18"]
[EventType "swiss"]
[EventRounds "7"]
[EventCountry "CAN"]

1. Nf3 d5 2. b3 c6 3. Bb2 Bg4 4. e3 Nd7 5. h3 Bh5 6. Be2 e6 7. d3 h6 8. Nbd2 Ngf6 9. c4 Bg6 10. O-O Qb8 11. Re1 Bd6 12. Bf1 e5 13. cxd5 cxd5 14. e4 d4 15. Nc4 Bb4 16. Re2 b5 17. Ncd2 Bc3 18. Nb1 b4 19. Nxc3 dxc3 20. Bc1 O-O 21. Nh4 Bh7 22. g3 Qd6 23. Be3 Nc5 24. Rc2 Rfd8 25. Qf3 Nxd3 26. Rd1 Bxe4 27. Qe2 Bh7 28. f4 exf4 29. gxf4 Nxf4 0-1

[Event "Paul Keres mem (26th)"]
[Site "Vancouver CAN"]
[Date "2001.05.19"]
[Round "2.16"]
[White "Veszely, Frank"]
[Black "Moura, Eduardo"]
[Result "1/2-1/2"]
[WhiteElo "1946"]
[BlackElo "1851"]
[PlyCount "63"]
[GameId "2160767911564692"]
[EventDate "2001.05.18"]
[EventType "swiss"]
[EventRounds "7"]
[EventCountry "CAN"]

1. g3 Nf6 2. Bg2 g6 3. e4 d6 4. f4 c5 5. d3 Bg7 6. Nf3 Nc6 7. c3 O-O 8. O-O Bg4 9. h3 Bxf3 10. Qxf3 Rc8 11. Na3 a6 12. Nc2 b5 13. Bd2 Nd7 14. Ne3 b4 15. h4 e6 16. Qd1 Nb6 17. a3 bxc3 18. bxc3 d5 19. e5 d4 20. Nc4 Nxc4 21. dxc4 f6 22. Qa4 Qc7 23. Qxa6 fxe5 24. Rab1 e4 25. Bxe4 dxc3 26. Rb7 Qd6 27. Rxg7+ Kxg7 28. Bxc3+ Kg8 29. Rf2 Rfd8 30. Bf6 Nd4 31. Qb7 Rc7 32. Qb1 1/2-1/2

[Event "Paul Keres mem (26th)"]
[Site "Vancouver CAN"]
[Date "2001.05.19"]
[Round "2.17"]
[White "Long, Hugh"]
[Black "Oszvald, Joseph"]
[Result "0-1"]
[WhiteElo "1878"]
[BlackElo "2109"]
[PlyCount "86"]
[GameId "2160767911564693"]
[EventDate "2001.05.18"]
[EventType "swiss"]
[EventRounds "7"]
[EventCountry "CAN"]

1. e4 c5 2. Nf3 d6 3. c3 Qa5 4. Bd3 a6 5. O-O Nc6 6. Bc2 Bg4 7. d3 g6 8. Nbd2 Bg7 9. h3 Bd7 10. Nb3 Qc7 11. d4 c4 12. Nbd2 b5 13. Re1 e5 14. dxe5 dxe5 15. Nf1 Rd8 16. Qe2 Nge7 17. Bg5 O-O 18. Ne3 f6 19. Bh4 Be6 20. Red1 Na5 21. Rxd8 Rxd8 22. Rd1 Kf7 23. Bg3 Rxd1+ 24. Qxd1 Qc5 25. Qe2 Bh6 26. Ng4 Bc1 27. Nfxe5+ fxe5 28. Nxe5+ Kg7 29. Bb1 Nac6 30. Nf3 Bh6 31. e5 Bf5 32. Nd4 Nxd4 33. cxd4 Qxd4 34. e6 Kf6 35. Bxf5 Nxf5 36. Bc7 Bf4 37. Ba5 Qd6 38. Bc3+ Be5 39. g4 Bxc3 40. gxf5 Be5 41. fxg6 hxg6 42. Qf3+ Kxe6 43. Qe4 Qd1+ 0-1

[Event "Paul Keres mem (26th)"]
[Site "Vancouver CAN"]
[Date "2001.05.19"]
[Round "2.18"]
[White "Leblanc, Paul"]
[Black "Caluza, Juni"]
[Result "0-1"]
[WhiteElo "2107"]
[BlackElo "1877"]
[PlyCount "70"]
[GameId "2160767911564694"]
[EventDate "2001.05.18"]
[EventType "swiss"]
[EventRounds "7"]
[EventCountry "CAN"]

1. d4 Nf6 2. Nf3 e6 3. Bg5 c5 4. e3 Qa5+ 5. Qd2 Qb6 6. Nc3 d5 7. Bd3 c4 8. Be2 Qxb2 9. Rb1 Qa3 10. Bxf6 gxf6 11. Nb5 Qe7 12. O-O Na6 13. Rb2 Nc7 14. Nc3 Qd7 15. a4 Ba3 16. Rbb1 b6 17. e4 h5 18. exd5 exd5 19. Rfe1 Be7 20. Nh4 Qd6 21. Bf3 Kd8 22. Nb5 Nxb5 23. Rxb5 Be6 24. a5 Kc7 25. axb6+ axb6 26. Bxd5 Rag8 27. Bf3 Rg5 28. Rb2 Rg4 29. Bxg4 hxg4 30. g3 f5 31. Rb5 Bxh4 32. gxh4 Rxh4 33. Rbe5 f6 34. Rxe6 Qxh2+ 35. Kf1 Qh1+ 0-1

[Event "Paul Keres mem (26th)"]
[Site "Vancouver CAN"]
[Date "2001.05.19"]
[Round "2.19"]
[White "Keshet, Joshua"]
[Black "Brajkovic, Nikola"]
[Result "0-1"]
[WhiteElo "1866"]
[BlackElo "2075"]
[PlyCount "64"]
[GameId "2160767911564695"]
[EventDate "2001.05.18"]
[EventType "swiss"]
[EventRounds "7"]
[EventCountry "CAN"]

1. e4 e5 2. Nf3 Nc6 3. Bb5 Nge7 4. c3 a6 5. Ba4 Ng6 6. d4 b5 7. Bc2 d6 8. a4 Bg4 9. Be3 Nh4 10. Rg1 exd4 11. cxd4 Nb4 12. Nbd2 c5 13. d5 Be7 14. h3 Bxf3 15. gxf3 Bf6 16. Rb1 Qa5 17. axb5 Nxc2+ 18. Qxc2 Nxf3+ 19. Kf1 Nxg1 20. Nc4 Qd8 21. Bf4 Be7 22. b6 Nxh3 23. b7 Rb8 24. Bh2 O-O 25. f4 Rxb7 26. Qg2 Qd7 27. e5 Qf5 28. Rc1 Nxf4 29. Qf3 dxe5 30. d6 Bf6 31. Qxb7 Qh3+ 32. Kg1 Ne2+ 0-1

[Event "Paul Keres mem (26th)"]
[Site "Vancouver CAN"]
[Date "2001.05.19"]
[Round "2.20"]
[White "Jose, Marionito"]
[Black "Kerry, James"]
[Result "0-1"]
[WhiteElo "1850"]
[BlackElo "2034"]
[PlyCount "64"]
[GameId "2160767911564696"]
[EventDate "2001.05.18"]
[EventType "swiss"]
[EventRounds "7"]
[EventCountry "CAN"]

1. e4 c5 2. Nc3 Nc6 3. f4 g6 4. Bc4 Bg7 5. Nf3 e6 6. f5 gxf5 7. d3 a6 8. a4 Nge7 9. O-O b6 10. Qe1 fxe4 11. dxe4 Bb7 12. Bf4 Nd4 13. Rf2 d5 14. exd5 Nxd5 15. Bg3 Nxc3 16. bxc3 Nxf3+ 17. gxf3 Qf6 18. Re2 O-O 19. Re3 Bxf3 20. Bd3 Bh6 21. Re5 Bf4 22. Bxf4 Qxf4 23. Qg3+ Qxg3+ 24. hxg3 Kg7 25. Kf2 Bc6 26. a5 b5 27. Rxc5 Rac8 28. Rh5 h6 29. g4 Bd5 30. g5 hxg5 31. Rxg5+ Kf6 32. Rag1 Rxc3 0-1

[Event "Paul Keres mem (26th)"]
[Site "Vancouver CAN"]
[Date "2001.05.19"]
[Round "2.21"]
[White "Sullivan, Brian"]
[Black "Chapman, Erik"]
[Result "0-1"]
[WhiteElo "1738"]
[BlackElo "2021"]
[PlyCount "62"]
[GameId "2160767911564697"]
[EventDate "2001.05.18"]
[EventType "swiss"]
[EventRounds "7"]
[EventCountry "CAN"]

1. Nf3 d6 2. d4 g6 3. e4 Nf6 4. Bd3 Bg7 5. O-O O-O 6. h3 Nbd7 7. Be3 e5 8. d5 Nh5 9. c4 Nf4 10. Nc3 h6 11. Qd2 Nxd3 12. Qxd3 f5 13. b4 f4 14. Bd2 g5 15. Rac1 h5 16. c5 g4 17. hxg4 hxg4 18. Nh2 Qh4 19. g3 Qh3 20. Rfe1 f3 21. Qf1 Qh5 22. Nd1 Kf7 23. Kh1 Rh8 24. Qg1 dxc5 25. bxc5 c6 26. a4 Nf6 27. Ne3 Nxe4 28. Nc4 Nxd2 29. Nxd2 Bh6 30. Rc2 Bxd2 31. Rxd2 Rh6 0-1

[Event "Paul Keres mem (26th)"]
[Site "Vancouver CAN"]
[Date "2001.05.19"]
[Round "2.22"]
[White "Nguyen, Kim"]
[Black "Pivovarov, Juraj"]
[Result "1-0"]
[WhiteElo "2015"]
[BlackElo "1807"]
[PlyCount "51"]
[GameId "2160767911564698"]
[EventDate "2001.05.18"]
[EventType "swiss"]
[EventRounds "7"]
[EventCountry "CAN"]

1. e4 c5 2. Nf3 d6 3. d4 cxd4 4. Nxd4 Nf6 5. Nc3 g6 6. Be3 Bg7 7. Be2 O-O 8. f4 Nc6 9. Nb3 a6 10. g4 b5 11. g5 Nd7 12. Qd2 Rb8 13. h4 Nb6 14. Bxb6 Qxb6 15. Nd5 Qa7 16. O-O-O a5 17. Kb1 Be6 18. h5 Rb7 19. Ne3 Ra8 20. hxg6 fxg6 21. f5 a4 22. Nc1 Bxa2+ 23. Nxa2 Bd4 24. fxg6 b4 25. Bc4+ Kf8 26. gxh7 1-0

[Event "Paul Keres mem (26th)"]
[Site "Vancouver CAN"]
[Date "2001.05.19"]
[Round "2.23"]
[White "Shamilov, Eduard"]
[Black "Morrison, Dan"]
[Result "1-0"]
[WhiteElo "2239"]
[BlackElo "1715"]
[PlyCount "103"]
[GameId "2160767911564699"]
[EventDate "2001.05.18"]
[EventType "swiss"]
[EventRounds "7"]
[EventCountry "CAN"]

1. e4 c5 2. Nf3 d6 3. d4 cxd4 4. Nxd4 Nf6 5. Nc3 a6 6. Be3 Ng4 7. Bg5 h6 8. Bh4 g5 9. Bg3 Bg7 10. Qd2 Nc6 11. Nf5 Bxf5 12. exf5 Rc8 13. Be2 Nge5 14. f4 gxf4 15. Bxf4 Qb6 16. O-O-O Nb4 17. Qe3 Nd7 18. Qxb6 Nxb6 19. Bd2 N6d5 20. a3 Nxc3 21. bxc3 Na2+ 22. Kb1 Nxc3+ 23. Bxc3 Rxc3 24. Rd3 Rg8 25. Bf3 Rxd3 26. cxd3 b6 27. Rc1 Kd8 28. Bb7 Rh8 29. Bxa6 d5 30. Bb5 Bd4 31. Bc6 e6 32. fxe6 fxe6 33. Re1 e5 34. Bxd5 Rf8 35. Bf3 Kd7 36. Rc1 Bc5 37. Kb2 Kd6 38. Kb3 Rf4 39. h3 Ke6 40. Be4 Rf8 41. a4 Kd6 42. g4 Rf7 43. h4 Rf4 44. g5 Rxh4 45. g6 Rg4 46. Rf1 Rg5 47. Rf7 Ke6 48. Kc4 h5 49. Bd5+ Kd6 50. Be4 Ke6 51. Bd5+ Kd6 52. g7 1-0

[Event "Paul Keres mem (26th)"]
[Site "Vancouver CAN"]
[Date "2001.05.19"]
[Round "2.24"]
[White "Holubowicz, Kazimiercz"]
[Black "Gustafson, Dale"]
[Result "0-1"]
[WhiteElo "1634"]
[BlackElo "1904"]
[PlyCount "90"]
[GameId "2160767911564700"]
[EventDate "2001.05.18"]
[EventType "swiss"]
[EventRounds "7"]
[EventCountry "CAN"]

1. Nf3 Nf6 2. d4 c5 3. e3 b6 4. c4 Bb7 5. d5 g6 6. Nc3 d6 7. e4 Bg7 8. Bd3 Nbd7 9. Qa4 O-O 10. Bf4 Ng4 11. O-O Nge5 12. Bxe5 Nxe5 13. Nxe5 Bxe5 14. Qc2 Bc8 15. f4 Bd4+ 16. Kh1 e6 17. Ne2 Bg7 18. Rf3 exd5 19. cxd5 b5 20. Bxb5 Rb8 21. Qa4 a6 22. Bc6 Rxb2 23. Nc3 Qb6 24. Rc1 Bg4 25. Rg3 Bc8 26. h3 Rb4 27. Qc2 Rb2 28. Qd3 Qb4 29. Rc2 a5 30. Rxb2 Qxb2 31. a4 Qc1+ 32. Qd1 Qxf4 33. Rf3 Qh4 34. Qf1 Be5 35. Nb5 Qxe4 36. Nc3 Qc2 37. Nb5 Bf5 38. Rf2 Qb1 39. Qxb1 Bxb1 40. Na3 Rb8 41. Rf3 Bf5 42. Rf1 Rb4 43. Bb5 Be4 44. Bc6 Rb2 45. Rf3 Ra2 0-1

[Event "Paul Keres mem (26th)"]
[Site "Vancouver CAN"]
[Date "2001.05.19"]
[Round "3"]
[White "Gustafson, Dale"]
[Black "Franett, Michael"]
[Result "1/2-1/2"]
[WhiteElo "2043"]
[BlackElo "2127"]
[PlyCount "31"]
[GameId "2160767911564701"]
[EventDate "2001.05.18"]
[EventType "swiss"]
[EventRounds "7"]
[EventCountry "CAN"]
[SourceTitle "CBM 082 Extra"]
[Source "ChessBase"]
[SourceDate "2001.07.03"]
[SourceVersion "1"]
[SourceVersionDate "2001.07.03"]
[SourceQuality "1"]

1. e4 c5 2. Nf3 a6 3. Bd3 d5 4. exd5 Qxd5 5. Nc3 Qd6 6. O-O Nf6 7. h3 e6 8. Re1 Be7 9. Bf1 Nc6 10. d3 O-O 11. Bg5 Rd8 12. Qd2 Qc7 13. Bf4 Bd6 14. Bg5 Be7 15. Bf4 Bd6 16. Bg5 1/2-1/2